Library of the University of Algiers 3
Ibrahim Sultan Cheibout
شعار جامعة الجزائر 3
مكتبة جامعة الجزائر 3
إبراهيم سلطان شيبوط

جريمة غسل الأموال بين الوسائط الإلكترونية ونصوص التشريع / (رقم التسجيلة. 45526)

تفاصيل مارك
000 -LEADER
fixed length control field 01352nam a2200217Ia 4500
003 - CONTROL NUMBER IDENTIFIER
control field Ost
005 - DATE AND TIME OF LATEST TRANSACTION
control field 20260507075647.0
008 - FIXED-LENGTH DATA ELEMENTS--GENERAL INFORMATION
fixed length control field 260507s9999||||xx |||||||||||||| ||und||
040 ## - CATALOGING SOURCE
Transcribing agency fsecg
041 ## - LANGUAGE CODE
Language code of text/sound track or separate title ara
082 ## - DEWEY DECIMAL CLASSIFICATION NUMBER
Classification number 345.620268
100 ## - MAIN ENTRY--PERSONAL NAME
Personal name حجازي، عبد الفتاح بيومي
Relator term مؤلف
245 #0 - TITLE STATEMENT
Title جريمة غسل الأموال بين الوسائط الإلكترونية ونصوص التشريع /
Statement of responsibility, etc. عبد الفتاح بيومي حجازي
260 ## - PUBLICATION, DISTRIBUTION, ETC.
Place of publication, distribution, etc. الإسكندرية:
Name of publisher, distributor, etc. دار الفكر الجامعي,
Date of publication, distribution, etc. 2005
300 ## - PHYSICAL DESCRIPTION
Extent 285 صفحة؛
Other physical details إيضاحات ؛
Dimensions 24 سم
520 ## - SUMMARY, ETC.
Summary, etc. جريمة غسل الأموال عن طريق الوسائط الإلكترونية- جريمة غسل الأموال عبر الأنترنت- المصارف الإلكترونية- النقود الإلكترونية وغيرها من وسائل غسل الأموال لدى البنوك الإلكترونية- الوسائط الإلكترونية في جريمة غسل الأموال- جريمة غسل الأموال في القانون المصري.
653 ## - INDEX TERM--UNCONTROLLED
Uncontrolled term التجارة الإلكترونية- قوانين وتشريعات- مصر
653 ## - INDEX TERM--UNCONTROLLED
Uncontrolled term جرائم الأموال- قوانين وتشريعات- مصر
653 ## - INDEX TERM--UNCONTROLLED
Uncontrolled term غسيل الأموال- قوانين وتشريعات- مصر
942 ## - ADDED ENTRY ELEMENTS (KOHA)
Koha item type كتب
المقتنيات
Withdrawn status Lost status Source of classification or shelving scheme Damaged status Not for loan Home library Current library Date acquired Serial enumeration / chronology Inventory number Total checkouts Full call number Barcode Date last seen Price effective from Koha item type
    Library of Congress Classification   NOT LOAN / إعارة داخلية مكتبة كلية العلوم الإقتصادية والعلوم التجارية وعلوم التسيير مكتبة كلية العلوم الإقتصادية والعلوم التجارية وعلوم التسيير 07/05/2026 الطابق الأرضي 1656/1   أ/1656ن1 1656/1 07/05/2026 07/05/2026 كتب
    Dewey Decimal Classification   Available مكتبة كلية العلوم الإقتصادية والعلوم التجارية وعلوم التسيير مكتبة كلية العلوم الإقتصادية والعلوم التجارية وعلوم التسيير 07/05/2026 الطابق الثاني 1656/2   أ/1656ن2 1656/2 07/05/2026 07/05/2026 كتب
    Dewey Decimal Classification   Available مكتبة كلية العلوم الإقتصادية والعلوم التجارية وعلوم التسيير مكتبة كلية العلوم الإقتصادية والعلوم التجارية وعلوم التسيير 07/05/2026 الطابق الثاني 1656/3   أ/1656ن3 1656/3 07/05/2026 07/05/2026 كتب

موارد الويب المفتوحة


© University of Algiers 3 All Rights Reserved
|
Implemented by LECHELAH Riad